[Event "60th POL-ch"]
[Site "Warsaw POL"]
[Date "2003.04.27"]
[Round "6"]
[White "Jakubowski, Krzysztof"]
[Black "Socko, Bartosz"]
[Result "1/2-1/2"]
[WhiteElo "2483"]
[BlackElo "2577"]
[EventDate "2003.04.22"]
[PlyCount "122"]

1.e4 e6 2.d4 d5 3.exd5 exd5 4.Nf3 Bd6 5.c4 Nf6 6.Nc3 O-O 7.cxd5 h6 8.Bc4 
Re8+ 9.Ne5 Ng4 10.O-O Nxe5 11.dxe5 Rxe5 12.Bf4 Re8 13.Bg3 Nd7 14.Rc1 a6 
15.Bd3 Ne5 16.Bb1 f5 17.Re1 Bd7 18.Ne2 Qf6 19.Qd2 Re7 20.Nd4 Rae8 21.f3 h5
22.Bf2 h4 23.h3 Ng6 24.Ne6 Bxe6 25.Rxe6 Rxe6 26.dxe6 Rxe6 27.Bd3 Bf4 28.
Qc3 Ne5 29.Rd1 Nxd3 30.Qxd3 Bd6 31.Qb3 Kh7 32.Qxb7 Re2 33.Qd5 Qg5 34.Qd4 
Bg3 35.Rf1 Rd2 36.Qc3 Re2 37.Qd4 Bf4 38.a4 Rd2 39.Qc3 Re2 40.b4 Bd6 41.Qc4
Rb2 42.b5 axb5 43.axb5 Rb4 44.Qd3 Qf4 45.Rd1 Rb2 46.Kf1 Be7 47.Be3 Qg3 48.
Qxf5+ Qg6 49.Qxg6+ Kxg6 50.Rd7 Bf6 51.Rxc7 Rxb5 52.Rc2 Kf5 53.Rc5+ Rxc5 
54.Bxc5 g6 55.Bd6 Ke6 56.Bc7 Kf5 57.Ke2 Be7 58.Bb8 Bf6 59.Ke3 Be7 60.Ba7 
Bg5+ 61.Kd3 Bf6 1/2-1/2

[Event "60th POL-ch"]
[Site "Warsaw POL"]
[Date "2003.04.27"]
[Round "6"]
[White "Jaracz, Pawel"]
[Black "Markowski, Tomasz"]
[Result "0-1"]
[WhiteElo "2549"]
[BlackElo "2587"]
[EventDate "2003.04.22"]
[PlyCount "99"]

1.e4 c5 2.Nf3 e6 3.d4 cxd4 4.Nxd4 a6 5.Bd3 Bc5 6.Nb3 Be7 7.c4 d6 8.Nc3 Nf6
9.O-O Nbd7 10.f4 b6 11.Qe2 Bb7 12.Bd2 Rc8 13.Nd4 g6 14.Nf3 O-O 15.Rac1 Qc7
16.Kh1 Rfe8 17.b4 Bf8 18.Be3 Bg7 19.Nd2 Qb8 20.Nb3 Qa8 21.Bg1 Bh6 22.Rc2 
d5 23.cxd5 exd5 24.e5 Nh5 25.Qg4 Nxf4 26.Qxd7 d4 27.Ne4 Bxe4 28.Bxe4 Qxe4 
29.Rxf4 Qxc2 30.e6 fxe6 31.Qf7+ Kh8 32.Rxd4 Rf8 33.Qe7 Rce8 34.Qd7 Bg7 35.
Rd2 Qc8 36.Qa7 Rd8 37.Rxd8 Rxd8 38.Qxb6 Rd1 39.Qe3 h5 40.Qe2 Qd7 41.h3 Qd6
42.a4 Rb1 43.Nd2 Rb2 44.Be3 Qxb4 45.Qd3 Qc3 46.Qe2 Rc2 47.g4 hxg4 48.hxg4 
Qe5 49.Qf3 Qd5 50.Ne4 0-1

[Event "60th POL-ch"]
[Site "Warsaw POL"]
[Date "2003.04.27"]
[Round "6"]
[White "Staniszewski, Piotr"]
[Black "Bartel, Mateusz"]
[Result "1/2-1/2"]
[WhiteElo "2446"]
[BlackElo "2443"]
[EventDate "2003.04.22"]
[PlyCount "106"]

1.d4 f5 2.g3 Nf6 3.Bg2 g6 4.Nf3 Bg7 5.O-O O-O 6.c4 d6 7.Nc3 Nc6 8.d5 Na5 
9.Qa4 c5 10.dxc6 Nxc6 11.Rd1 Kh8 12.c5 d5 13.Bf4 Be6 14.Ne5 Qc8 15.Nxc6 
Qxc6 16.Qxc6 bxc6 17.Be5 Nd7 18.Bxg7+ Kxg7 19.Rac1 Rab8 20.b3 Bg8 21.e3 e5
22.Ne2 e4 23.Nd4 Ne5 24.f4 exf3 25.Nxf3 Rfe8 26.Nxe5 Rxe5 27.Kf2 a5 28.Rd4
Re7 29.Ke2 Rb4 30.Kd3 Be6 31.Kc3 Bc8 32.Rxb4 axb4+ 33.Kxb4 Rxe3 34.Bf1 g5 
35.a4 f4 36.gxf4 gxf4 37.a5 Re4+ 38.Kc3 Re3+ 39.Kb4 Re4+ 40.Kc3 Re3+ 41.
Kc2 Kf6 42.a6 f3 43.a7 Bb7 44.Ra1 Ba8 45.Ra6 Re1 46.Bb5 f2 47.Rb6 Kg7 48.
Bd3 Re7 49.Kd2 Rxa7 50.Ra6 Rf7 51.Rxa8 f1=Q 52.Bxf1 Rxf1 53.Rc8 Rf2+ 
1/2-1/2

[Event "60th POL-ch"]
[Site "Warsaw POL"]
[Date "2003.04.27"]
[Round "6"]
[White "Grabarczyk, Miroslaw"]
[Black "Krasenkow, Michal"]
[Result "1/2-1/2"]
[WhiteElo "2508"]
[BlackElo "2609"]
[EventDate "2003.04.22"]
[PlyCount "68"]

1.d4 Nf6 2.c4 g6 3.g3 Bg7 4.Bg2 O-O 5.Nc3 d6 6.Nf3 c6 7.O-O Bf5 8.b3 a5 9.
Bb2 Na6 10.Qd2 Nc7 11.Nh4 Be6 12.Nf3 d5 13.Ne5 dxc4 14.Nxc4 a4 15.Rac1 
axb3 16.axb3 Nb5 17.Nxb5 cxb5 18.Ne3 Nd5 19.Ra1 Rxa1 20.Rxa1 f5 21.Qd3 
Nxe3 22.Qxe3 Bd5 23.Bxd5+ Qxd5 24.Rc1 f4 25.gxf4 Qd6 26.Qg3 Bxd4 27.Bxd4 
Qxd4 28.e3 Qb2 29.Rc7 Rf7 30.Rxb7 Qxb3 31.Qg4 Kg7 32.Qe2 b4 33.Qb5 Qd1+ 
34.Kg2 Qg4+ 1/2-1/2

[Event "60th POL-ch"]
[Site "Warsaw POL"]
[Date "2003.04.27"]
[Round "6"]
[White "Miton, Kamil"]
[Black "Kempinski, Robert"]
[Result "1-0"]
[WhiteElo "2545"]
[BlackElo "2553"]
[EventDate "2003.04.22"]
[PlyCount "71"]

1.Nf3 Nf6 2.c4 g6 3.g3 Bg7 4.Bg2 d5 5.cxd5 Nxd5 6.d4 Nb6 7.Nc3 Nc6 8.e3 
O-O 9.O-O Re8 10.d5 Na5 11.Nd4 Bd7 12.e4 c6 13.Re1 Rc8 14.Bf4 cxd5 15.exd5
Nac4 16.b3 Nd6 17.Qd2 Bf5 18.a4 a6 19.Rac1 Qd7 20.h4 Bh3 21.Bh1 h5 22.Kh2 
Bg4 23.Bg2 Nf5 24.Nxf5 Bxf5 25.d6 exd6 26.Rxe8+ Rxe8 27.a5 Nc8 28.Nd5 Kf8 
29.Bh6 Qd8 30.Qd4 f6 31.Bxg7+ Kxg7 32.Rc7+ Kf8 33.Qf4 Re7 34.Qh6+ Kf7 35.
Nxe7 Qxc7 36.Nxf5 1-0

[Event "60th POL-ch"]
[Site "Warsaw POL"]
[Date "2003.04.27"]
[Round "6"]
[White "Cyborowski, Lukasz"]
[Black "Macieja, Bartlomiej"]
[Result "1/2-1/2"]
[WhiteElo "2543"]
[BlackElo "2634"]
[EventDate "2003.04.22"]
[PlyCount "30"]

1.Nf3 b6 2.e4 Bb7 3.d3 c5 4.g3 e6 5.Bg2 d5 6.Nbd2 Nf6 7.O-O Be7 8.Re1 Nc6 
9.c3 O-O 10.a3 Qc7 11.Qe2 b5 12.exd5 exd5 13.Nf1 Rae8 14.Bf4 Bd6 15.Bxd6 
Qxd6 1/2-1/2

[Event "60th POL-ch"]
[Site "Warsaw POL"]
[Date "2003.04.28"]
[Round "7"]
[White "Macieja, Bartlomiej"]
[Black "Jakubowski, Krzysztof"]
[Result "1-0"]
[WhiteElo "2634"]
[BlackElo "2483"]
[EventDate "2003.04.22"]
[PlyCount "127"]

1.e4 c5 2.Nc3 a6 3.Nge2 d6 4.g3 Nc6 5.Bg2 e6 6.O-O Nf6 7.d4 cxd4 8.Nxd4 
Bd7 9.Re1 Be7 10.Nxc6 Bxc6 11.e5 dxe5 12.Bxc6+ bxc6 13.Rxe5 Nd5 14.Na4 O-O
15.Bd2 Rb8 16.Rb1 Qc7 17.Qe2 Rfd8 18.Re4 c5 19.b3 Qc6 20.Rc4 Rd7 21.Re1 
Rbd8 22.Ba5 Rc8 23.Rd1 Qb5 24.Be1 Rcd8 25.Rd3 h6 26.Bd2 Bf8 27.a3 Nf6 28.
Rxd7 Qxd7 29.Be3 g5 30.Nxc5 Qd1+ 31.Qxd1 Rxd1+ 32.Kg2 Nd5 33.Kf3 a5 34.b4 
axb4 35.axb4 Rb1 36.c3 Bg7 37.Bd2 Rb2 38.Be1 h5 39.h3 Rb1 40.Ke2 Rb2+ 41.
Kd3 Kh7 42.Bd2 Kg6 43.Ne4 g4 44.hxg4 hxg4 45.Bc1 Ra2 46.Nd2 f5 47.Rc6 Kf7 
48.b5 Ra1 49.Bb2 Ra8 50.Nc4 Rd8 51.Kc2 f4 52.gxf4 Nxf4 53.Ne3 Rb8 54.b6 
Nd5 55.Nxd5 exd5 56.Ba3 Be5 57.Bc5 g3 58.fxg3 Bxg3 59.Kb3 Be5 60.Kb4 Ra8 
61.Bd6 Bxd6+ 62.Rxd6 Ra1 63.Rxd5 Ke6 64.c4 1-0

[Event "60th POL-ch"]
[Site "Warsaw POL"]
[Date "2003.04.28"]
[Round "7"]
[White "Kempinski, Robert"]
[Black "Cyborowski, Lukasz"]
[Result "1/2-1/2"]
[WhiteElo "2553"]
[BlackElo "2543"]
[EventDate "2003.04.22"]
[PlyCount "131"]

1.d4 Nf6 2.c4 g6 3.g3 Bg7 4.Bg2 O-O 5.Nc3 c5 6.d5 d6 7.Nf3 e6 8.O-O exd5 
9.cxd5 a6 10.a4 Re8 11.Nd2 Nbd7 12.h3 Nh5 13.Nc4 Ne5 14.Nxe5 Bxe5 15.Bh6 
Bd7 16.Qd2 f5 17.e4 Qf6 18.Bg5 Qf7 19.exf5 gxf5 20.Ne2 b5 21.a5 b4 22.Rfe1
Rab8 23.Rac1 Rb5 24.Nf4 Rxa5 25.Nxh5 Qxh5 26.Bf4 Qg6 27.Bxe5 Rxe5 28.Rxe5 
dxe5 29.d6 Kg7 30.Qd5 Qe6 31.Qxe6 Bxe6 32.Bc6 Kf6 33.d7 Ke7 34.Rd1 Kd8 35.
Rd6 Bb3 36.Rf6 Ra1+ 37.Kg2 Kc7 38.Rf8 Rd1 39.Rc8+ Kb6 40.Kf3 a5 41.Ke2 h5 
42.f3 c4 43.g4 hxg4 44.hxg4 e4 45.d8=Q+ Rxd8 46.Rxd8 Kxc6 47.gxf5 exf3+ 
48.Kxf3 a4 49.f6 c3 50.bxc3 bxc3 51.Rc8+ Kd6 52.Rxc3 Ke5 53.Rc6 Be6 54.Ra6
a3 55.Rxa3 Kxf6 56.Kf4 Bc4 57.Ra4 Bb3 58.Ra6+ Kg7 59.Kf5 Bc2+ 60.Kg5 Kf7 
61.Kf4 Bb1 62.Ke5 Bc2 63.Rf6+ Kg7 64.Rf2 Bb3 65.Kf5 Kf7 66.Rb2 1/2-1/2

[Event "60th POL-ch"]
[Site "Warsaw POL"]
[Date "2003.04.28"]
[Round "7"]
[White "Murdzia, Piotr"]
[Black "Grabarczyk, Miroslaw"]
[Result "1/2-1/2"]
[WhiteElo "2452"]
[BlackElo "2508"]
[EventDate "2003.04.22"]
[PlyCount "39"]

1.d4 d5 2.c4 c6 3.Nf3 Nf6 4.e3 Bg4 5.Nc3 e6 6.h3 Bxf3 7.Qxf3 Nbd7 8.Bd3 
Bb4 9.O-O O-O 10.a3 Bd6 11.cxd5 exd5 12.e4 dxe4 13.Nxe4 Nxe4 14.Qxe4 Nf6 
15.Qh4 Re8 16.Bg5 h6 17.Bxf6 Qxf6 18.Qxf6 gxf6 19.Rfe1 Rad8 20.Rxe8+ 
1/2-1/2

[Event "60th POL-ch"]
[Site "Warsaw POL"]
[Date "2003.04.28"]
[Round "7"]
[White "Bartel, Mateusz"]
[Black "Urban, Klaudiusz"]
[Result "1-0"]
[WhiteElo "2443"]
[BlackElo "2451"]
[EventDate "2003.04.22"]
[PlyCount "73"]

1.e4 e5 2.Nf3 Nf6 3.Nxe5 d6 4.Nf3 Nxe4 5.Nc3 Nf6 6.d4 Be7 7.Bd3 O-O 8.h3 
c6 9.O-O Re8 10.Re1 Nbd7 11.Ne2 Bf8 12.c4 a6 13.Qc2 b5 14.Ng5 g6 15.Bd2 
Bg7 16.Nf4 Nf8 17.cxb5 cxb5 18.Qc6 Ra7 19.Rxe8 Nxe8 20.Re1 Bd7 21.Nxf7 Qf6
22.Qb6 Qxd4 23.Nh6+ Kh8 24.Qb8 Qxb2 25.Be3 Rc7 26.Nd5 Rc8 27.Ne7 Be6 28.
Qxc8 Bxh6 29.Qxe8 Bd7 30.Qd8 Bg7 31.Qb6 Qe5 32.Bd2 Qb2 33.Qa5 Qd4 34.Be4 
Be6 35.Nc6 Qb2 36.Qb4 Qxa2 37.Bc3 1-0

[Event "60th POL-ch"]
[Site "Warsaw POL"]
[Date "2003.04.28"]
[Round "7"]
[White "Socko, Bartosz"]
[Black "Jaracz, Pawel"]
[Result "1/2-1/2"]
[WhiteElo "2577"]
[BlackElo "2549"]
[EventDate "2003.04.22"]
[PlyCount "87"]

1.e4 c5 2.Nf3 e6 3.b3 a6 4.Bb2 Nc6 5.d4 cxd4 6.Nxd4 Qf6 7.c3 Bc5 8.Be2 
Nge7 9.O-O d5 10.exd5 Nxd4 11.cxd4 Nxd5 12.Nc3 Bb4 13.Nxd5 exd5 14.a4 Qd6 
15.Rc1 Bf5 16.Bc3 O-O 17.Qd2 Bxc3 18.Rxc3 Qb4 19.Rfc1 Rad8 20.h3 Rfe8 21.
Bf3 Be4 22.Bg4 h6 23.Qd1 Bg6 24.Bf3 Be4 25.Rc7 Re7 26.Bxe4 dxe4 27.R1c4 
Qd6 28.Rxe7 Qxe7 29.Qc1 Qd6 30.Qc3 Rd7 31.Qa5 Re7 32.Qc3 Kh7 33.a5 Rd7 34.
Qb4 Qf4 35.Qc3 Qd6 36.Qb4 Qf4 37.Qe1 Rd5 38.g3 Qf5 39.Rc5 Rxc5 40.dxc5 
Qxc5 41.Qxe4+ f5 42.Qxb7 Qxa5 43.b4 Qa1+ 44.Kg2 1/2-1/2

[Event "60th POL-ch"]
[Site "Warsaw POL"]
[Date "2003.04.29"]
[Round "8"]
[White "Staniszewski, Piotr"]
[Black "Socko, Bartosz"]
[Result "1/2-1/2"]
[WhiteElo "2446"]
[BlackElo "2577"]
[EventDate "2003.04.22"]
[PlyCount "127"]

1.d4 Nf6 2.c4 g6 3.g3 Bg7 4.Bg2 O-O 5.Nc3 d6 6.Nf3 a6 7.O-O Nc6 8.Re1 Rb8 
9.Rb1 Bf5 10.e4 Bg4 11.Be3 Re8 12.h3 Bxf3 13.Bxf3 e5 14.dxe5 dxe5 15.Qxd8 
Rexd8 16.Nd5 Ne8 17.c5 Nd4 18.Bxd4 exd4 19.Be2 c6 20.Nf4 Nc7 21.Bc4 d3 22.
Nxd3 Rd4 23.Rbc1 Rbd8 24.Re3 Ne6 25.h4 g5 26.hxg5 Nxg5 27.e5 Ne4 28.Rc2 a5
29.b3 Bh6 30.Ree2 Bf8 31.Kg2 Kg7 32.Re3 h6 33.a3 Be7 34.b4 axb4 35.axb4 
Bg5 36.f4 Be7 37.Ree2 Bf8 38.Kf3 f5 39.exf6+ Nxf6 40.Ne5 Ra8 41.Ra2 Rdd8 
42.Rxa8 Rxa8 43.Ra2 Rxa2 44.Bxa2 Ne8 45.Ke4 Nc7 46.Bc4 Be7 47.Kf5 Bf6 48.
g4 Bh4 49.Nd3 Bf6 50.Ne5 Bh4 51.g5 Be1 52.gxh6+ Kxh6 53.Nf7+ Kg7 54.Nd6 
Bxb4 55.Nxb7 Kf8 56.Nd8 Bxc5 57.Nxc6 Ne8 58.Ke6 Be3 59.f5 Ng7+ 60.Kf6 Nxf5
61.Kxf5 Kg7 62.Nd8 Bc1 63.Ne6+ Kh6 64.Bd5 1/2-1/2

[Event "60th POL-ch"]
[Site "Warsaw POL"]
[Date "2003.04.29"]
[Round "8"]
[White "Urban, Klaudiusz"]
[Black "Markowski, Tomasz"]
[Result "0-1"]
[WhiteElo "2451"]
[BlackElo "2587"]
[EventDate "2003.04.22"]
[PlyCount "172"]

1.Nf3 c5 2.c4 g6 3.d4 Bg7 4.d5 f5 5.g3 d6 6.Bg2 Nf6 7.Nc3 O-O 8.O-O Na6 9.
Rb1 h6 10.Ne1 g5 11.Nd3 Qe8 12.f4 Qg6 13.e3 Nc7 14.Nf2 Bd7 15.Bd2 Rab8 16.
a4 e6 17.e4 exd5 18.exd5 Rbe8 19.Qb3 b6 20.Rbe1 gxf4 21.Bxf4 Nh5 22.Nh3 
Bd4+ 23.Kh1 Qf6 24.Nb5 Nxb5 25.axb5 Nxf4 26.Nxf4 Bxb2 27.Qa2 Rxe1 28.Rxe1 
Bc3 29.Rf1 Rf7 30.Ne6 Qe5 31.Qc2 Rf6 32.Qa2 Ba5 33.Qf2 Be8 34.Qf3 Bc3 35.
Bh3 Bg6 36.Nf4 Bh7 37.Bg2 Bd2 38.Ne6 Bg6 39.Qa3 Rf7 40.Nd8 Rc7 41.Ne6 Re7 
42.Qa6 Qf6 43.Qc8+ Re8 44.Qa6 Qf7 45.Qa1 Bg5 46.Qc3 Re7 47.Bh3 Qh7 48.Bg2 
Qh8 49.Qd3 Qe5 50.Qa3 Rf7 51.Qa6 Kh7 52.Qc8 Qf6 53.Qc6 Qe7 54.Qc8 Bd2 55.
Rd1 Qf6 56.Qd8 Qxd8 57.Nxd8 Re7 58.Nc6 Re2 59.Bf1 Rf2 60.Bd3 Bh5 61.Bxf5+ 
Kg7 62.g4 Rxf5 63.gxh5 Bf4 64.Rf1 Kf6 65.Nxa7 Ke5 66.Nc8 Rxh5 67.Rf2 Be3 
68.Re2 Kd4 69.Nxb6 Kd3 70.Rg2 Rf5 71.Rg3 Ke2 72.Kg2 Bf4 73.Ra3 Rg5+ 74.Kh3
Be3 75.Nd7 Kf3 76.Rxe3+ Kxe3 77.b6 Kf3 78.Kh4 Rg2 79.h3 Rb2 80.Kh5 Ke4 81.
Kg6 Kd4 82.Kf6 Kxc4 83.Ke6 Kd4 84.Kxd6 c4 85.Kc6 c3 86.Nc5 c2 0-1

[Event "60th POL-ch"]
[Site "Warsaw POL"]
[Date "2003.04.29"]
[Round "8"]
[White "Grabarczyk, Miroslaw"]
[Black "Bartel, Mateusz"]
[Result "1-0"]
[WhiteElo "2508"]
[BlackElo "2443"]
[EventDate "2003.04.22"]
[PlyCount "83"]

1.d4 f5 2.c4 Nf6 3.Nf3 g6 4.b3 Bg7 5.Bb2 c6 6.g3 O-O 7.Bg2 Ne4 8.O-O d5 9.
Nbd2 Be6 10.e3 a5 11.Qe2 a4 12.Ba3 Bf6 13.Rfc1 Nd7 14.Nxe4 dxe4 15.Ne1 c5 
16.Bb2 axb3 17.axb3 Qb6 18.d5 Bf7 19.Qc2 Ne5 20.Bc3 e6 21.f4 Ng4 22.Bxf6 
exd5 23.Be7 Rxa1 24.Rxa1 Re8 25.Bh4 Nxe3 26.Qd2 d4 27.Ra3 h6 28.Bh3 Kh7 
29.Ng2 Nxg2 30.Bxg2 e3 31.Qe2 Qb4 32.Ra2 Qxb3 33.Rb2 Qxb2 34.Qxb2 e2 35.g4
e1=Q+ 36.Bxe1 Rxe1+ 37.Kf2 Re7 38.gxf5 gxf5 39.Bf1 Re4 40.Qxb7 Rxf4+ 41.
Ke1 Re4+ 42.Kd2 1-0

[Event "60th POL-ch"]
[Site "Warsaw POL"]
[Date "2003.04.29"]
[Round "8"]
[White "Miton, Kamil"]
[Black "Murdzia, Piotr"]
[Result "1/2-1/2"]
[WhiteElo "2545"]
[BlackElo "2452"]
[EventDate "2003.04.22"]
[PlyCount "35"]

1.d4 d5 2.c4 c6 3.e3 Nf6 4.Nf3 Bg4 5.Nc3 e6 6.h3 Bxf3 7.Qxf3 Nbd7 8.Be2 
Bb4 9.O-O O-O 10.Bd2 Ne4 11.Be1 f5 12.Nxe4 dxe4 13.Qg3 Bxe1 14.Rfxe1 e5 
15.dxe5 Qe7 16.e6 Qxe6 17.Qc7 Nc5 18.Red1 1/2-1/2

[Event "60th POL-ch"]
[Site "Warsaw POL"]
[Date "2003.04.29"]
[Round "8"]
[White "Cyborowski, Lukasz"]
[Black "Krasenkow, Michal"]
[Result "1/2-1/2"]
[WhiteElo "2543"]
[BlackElo "2609"]
[EventDate "2003.04.22"]
[PlyCount "74"]

1.Nf3 d6 2.d4 g6 3.c4 Bg7 4.Nc3 Nd7 5.e3 e5 6.Be2 f5 7.b3 e4 8.Nd2 Ngf6 9.
Bb2 O-O 10.Qc2 c5 11.dxc5 dxc5 12.Rd1 b6 13.Nd5 Bb7 14.Nb1 Nxd5 15.cxd5 
Ne5 16.O-O Qg5 17.Kh1 Rad8 18.Nc3 Kh8 19.Rd2 Qh6 20.Nb5 f4 21.Qxe4 fxe3 
22.fxe3 Rxf1+ 23.Bxf1 Rf8 24.Be2 Nf7 25.Qf4 Bxb2 26.Qxh6 Nxh6 27.Rxb2 Bxd5
28.Rd2 Be4 29.Kg1 Nf5 30.Rd7 Bc6 31.Rc7 Ba8 32.Nxa7 Nxe3 33.Rc8 Kg7 34.
Rxf8 Kxf8 35.Nc8 Nxg2 36.Nxb6 Bc6 37.Nd7+ Bxd7 1/2-1/2

[Event "60th POL-ch"]
[Site "Warsaw POL"]
[Date "2003.04.29"]
[Round "8"]
[White "Macieja, Bartlomiej"]
[Black "Kempinski, Robert"]
[Result "1-0"]
[WhiteElo "2634"]
[BlackElo "2553"]
[EventDate "2003.04.22"]
[PlyCount "101"]

1.e4 c5 2.Nc3 d6 3.f4 a6 4.Nf3 Nc6 5.d4 cxd4 6.Nxd4 e6 7.Be3 Qc7 8.Be2 Nf6
9.O-O Be7 10.Qe1 O-O 11.Qg3 Nxd4 12.Bxd4 b5 13.a3 Bb7 14.Rae1 Rad8 15.Kh1 
Bc6 16.Bd3 Qb7 17.Bxf6 Bxf6 18.e5 dxe5 19.fxe5 Be7 20.Ne4 Kh8 21.Re2 f5 
22.exf6 gxf6 23.Qh3 f5 24.Ng3 Bd5 25.Nh5 Bd6 26.Qe3 Rg8 27.Rff2 Rdf8 28.
Nf4 Bxf4 29.Qxf4 Qg7 30.Qe5 Qxe5 31.Rxe5 Kg7 32.Kg1 Kf6 33.Rxd5 exd5 34.
Rxf5+ Ke6 35.Rh5 Rh8 36.Rh6+ Rf6 37.Rxh7 Rxh7 38.Bxh7 Ke5 39.g3 Kd4 40.h4 
Ke3 41.Kg2 Rf2+ 42.Kh3 Kf3 43.Bg8 d4 44.h5 Ke3 45.Bh7 Kf3 46.Bd3 Rd2 47.h6
Rd1 48.Kh4 Rh1+ 49.Kg5 Kxg3 50.h7 Kf3 51.Bg6 1-0

[Event "60th POL-ch"]
[Site "Warsaw POL"]
[Date "2003.04.30"]
[Round "9"]
[White "Kempinski, Robert"]
[Black "Jakubowski, Krzysztof"]
[Result "1/2-1/2"]
[WhiteElo "2553"]
[BlackElo "2483"]
[EventDate "2003.04.22"]
[PlyCount "99"]

1.d4 Nf6 2.c4 e6 3.Nc3 d5 4.Nf3 Nbd7 5.e3 a6 6.a3 b6 7.b4 a5 8.b5 Bd6 9.g3
Bb7 10.Bg2 dxc4 11.O-O O-O 12.Bb2 c5 13.bxc6 Bxc6 14.a4 Qe7 15.Qe2 e5 16.
Nb5 exd4 17.Nbxd4 Be4 18.Qxc4 Rac8 19.Qe2 Ne5 20.Nxe5 Bxg2 21.Kxg2 Bxe5 
22.Qf3 Bxd4 23.Bxd4 Ne4 24.Rfc1 Qe6 25.h3 Ng5 26.Qb7 Rb8 27.Qc6 Qxh3+ 28.
Kg1 Qg4 29.Kg2 Qh3+ 30.Kg1 h5 31.Rab1 Qg4 32.Bxb6 h4 33.Bc7 Rxb1 34.Rxb1 
Qf5 35.Rb5 Nf3+ 36.Kf1 Qd3+ 37.Kg2 Ne1+ 38.Kh2 Rc8 39.Rb8 Rxb8 40.Bxb8 Qf5
41.Bf4 hxg3+ 42.fxg3 g5 43.g4 Qh7+ 44.Kg1 gxf4 45.Qe8+ Kg7 46.Qe5+ Kg8 47.
Qe8+ Kg7 48.Qe5+ Kf8 49.Qb8+ Kg7 50.Qe5+ 1/2-1/2

[Event "60th POL-ch"]
[Site "Warsaw POL"]
[Date "2003.04.30"]
[Round "9"]
[White "Krasenkow, Michal"]
[Black "Macieja, Bartlomiej"]
[Result "1-0"]
[WhiteElo "2609"]
[BlackElo "2634"]
[EventDate "2003.04.22"]
[PlyCount "91"]

1.d4 Nf6 2.c4 e6 3.Nf3 Bb4+ 4.Nbd2 b6 5.a3 Bxd2+ 6.Bxd2 Bb7 7.Bg5 d6 8.e3 
Nbd7 9.Qc2 Qe7 10.Rd1 h6 11.Bh4 g5 12.Bg3 Ne4 13.d5 Nxg3 14.hxg3 e5 15.Bd3
Kf8 16.g4 Kg8 17.Nd2 Nf6 18.Bf5 Bc8 19.Bxc8 Rxc8 20.Nf1 Re8 21.Ng3 Nxg4 
22.Nf5 Qf8 23.f3 Nf6 24.e4 a5 25.g4 Rh7 26.Rd2 Kh8 27.Rdh2 Ng8 28.Rh5 f6 
29.R1h3 Ree7 30.Qh2 Ref7 31.Kd2 Rfg7 32.Nxh6 Nxh6 33.Rxh6 Qf7 34.Kc3 Rxh6 
35.Rxh6+ Rh7 36.Rxh7+ Qxh7 37.Qxh7+ Kxh7 38.Kb3 Kg7 39.Ka4 Kf7 40.c5 dxc5 
41.Kb5 c4 42.Kc6 a4 43.Kxc7 b5 44.d6 b4 45.d7 bxa3 46.bxa3 1-0

[Event "60th POL-ch"]
[Site "Warsaw POL"]
[Date "2003.04.30"]
[Round "9"]
[White "Murdzia, Piotr"]
[Black "Cyborowski, Lukasz"]
[Result "0-1"]
[WhiteElo "2452"]
[BlackElo "2543"]
[EventDate "2003.04.22"]
[PlyCount "68"]

1.e4 c5 2.Nf3 d6 3.d4 cxd4 4.Nxd4 Nf6 5.Nc3 a6 6.Be2 g6 7.O-O Bg7 8.Be3 
O-O 9.Qd2 Nc6 10.Rad1 Bd7 11.Nb3 b5 12.f3 Re8 13.Nd5 Be6 14.Kh1 Nd7 15.f4 
Rc8 16.f5 Bxd5 17.exd5 Nce5 18.Rf4 Nf6 19.Rh4 Nc4 20.Bxc4 bxc4 21.Nd4 Nxd5
22.Nc6 Qd7 23.fxg6 hxg6 24.Bh6 c3 25.bxc3 Bxc3 26.Qxd5 Qxc6 27.Qd3 Bf6 28.
Rh3 Qxc2 29.Qf1 Qxa2 30.Rf3 Qc4 31.Qe1 Qh4 32.Qd2 Rc4 33.Be3 Qe4 34.Rf4 
Qc2 0-1

[Event "60th POL-ch"]
[Site "Warsaw POL"]
[Date "2003.04.30"]
[Round "9"]
[White "Bartel, Mateusz"]
[Black "Miton, Kamil"]
[Result "0-1"]
[WhiteElo "2443"]
[BlackElo "2545"]
[EventDate "2003.04.22"]
[PlyCount "82"]

1.e4 c6 2.d4 d5 3.Nc3 dxe4 4.Nxe4 Nf6 5.Nxf6+ gxf6 6.Nf3 Bg4 7.Be2 e6 8.
Bf4 c5 9.dxc5 Qxd1+ 10.Rxd1 Bxc5 11.a3 Nc6 12.b4 Be7 13.c4 a5 14.b5 Nb8 
15.Bc7 Nd7 16.h3 Bh5 17.Nd4 Bxe2 18.Kxe2 Bxa3 19.b6 Bc5 20.Nb3 Bb4 21.Rd4 
Ne5 22.Rhd1 Nc6 23.R4d3 e5 24.f4 a4 25.Na1 O-O 26.Nc2 exf4 27.Bxf4 Rfe8+ 
28.Kf1 Bc5 29.Rg3+ Kh8 30.Rd5 Re4 31.Bh6 Bf8 32.Bxf8 Rxf8 33.Na3 Rfe8 34.
Kg1 Ne5 35.Rc3 h5 36.Ra5 h4 37.Rxa4 Rd8 38.Nc2 Rd1+ 39.Kh2 Rd2 40.Kg1 Ree2
41.Ne3 Re1+ 0-1

[Event "60th POL-ch"]
[Site "Warsaw POL"]
[Date "2003.04.30"]
[Round "9"]
[White "Socko, Bartosz"]
[Black "Urban, Klaudiusz"]
[Result "1-0"]
[WhiteElo "2577"]
[BlackElo "2451"]
[EventDate "2003.04.22"]
[PlyCount "55"]

1.e4 c6 2.d4 d5 3.Nc3 dxe4 4.Nxe4 Bf5 5.Ng3 Bg6 6.Bc4 e6 7.N1e2 Bd6 8.Nf4 
Qc7 9.Nfh5 Bxh5 10.Nxh5 g6 11.Ng3 Bf4 12.Be3 Nd7 13.Qf3 Bxe3 14.fxe3 Ngf6 
15.O-O O-O 16.c3 Rae8 17.Rf2 Kg7 18.Raf1 Re7 19.e4 e5 20.Qe3 Ng8 21.Qg5 f6
22.Nf5+ Kh8 23.Nxe7 Nxe7 24.Rxf6 Nxf6 25.Rxf6 Kg7 26.Rxf8 Kxf8 27.Qf6+ Ke8
28.Be6 1-0

[Event "60th POL-ch"]
[Site "Warsaw POL"]
[Date "2003.04.30"]
[Round "9"]
[White "Jaracz, Pawel"]
[Black "Staniszewski, Piotr"]
[Result "1-0"]
[WhiteElo "2549"]
[BlackElo "2446"]
[EventDate "2003.04.22"]
[PlyCount "149"]

1.e4 e5 2.Nf3 Nc6 3.Bb5 a6 4.Ba4 Nf6 5.O-O Be7 6.Re1 b5 7.Bb3 d6 8.c3 O-O 
9.h3 Nb8 10.d4 Nbd7 11.Nbd2 Bb7 12.Bc2 Re8 13.Nf1 Bf8 14.Ng3 g6 15.a4 c5 
16.d5 c4 17.Bg5 h6 18.Be3 Nc5 19.Kh1 Qc7 20.Rf1 Bg7 21.Nd2 Nfd7 22.Ne2 Nb6
23.axb5 axb5 24.Rxa8 Rxa8 25.f4 exf4 26.Bxf4 b4 27.Nd4 b3 28.Bb1 Ba6 29.
N2f3 Re8 30.Re1 Nbd7 31.Qd2 Kh7 32.Nc6 Ne5 33.Ncxe5 dxe5 34.Be3 Nb7 35.Qf2
Nd6 36.g4 Bc8 37.Bb6 Qd7 38.Bc5 Kg8 39.Nd2 Ba6 40.Rf1 f6 41.Qe2 Rc8 42.Bb4
Bb5 43.Kh2 Ne8 44.Qe3 Qb7 45.h4 g5 46.Rf2 Bf8 47.Bxf8 Kxf8 48.hxg5 hxg5 
49.Qxg5 Qa7 50.Qh6+ Kg8 51.Qg6+ Qg7 52.Qxg7+ Kxg7 53.g5 Ra8 54.Rf5 Bd7 55.
gxf6+ Nxf6 56.Rg5+ Kh6 57.Rg1 Bb5 58.Nf3 Nd7 59.Nh4 Kh7 60.Nf5 Rg8 61.Rf1 
Ba6 62.Rf3 Rh8 63.Rg3 Rd8 64.Rg7+ Kh8 65.Re7 Nc5 66.d6 Bc8 67.Rxe5 Na4 68.
Ne3 Nxb2 69.Rh5+ Kg8 70.e5 Be6 71.Rh6 Bc8 72.Nd5 Nd3 73.e6 Rxd6 74.Ne7+ 
Kg7 75.Nf5+ 1-0

[Event "60th POL-ch"]
[Site "Warsaw POL"]
[Date "2003.05.01"]
[Round "10"]
[White "Jakubowski, Krzysztof"]
[Black "Staniszewski, Piotr"]
[Result "0-1"]
[WhiteElo "2483"]
[BlackElo "2446"]
[EventDate "2003.04.22"]
[PlyCount "54"]

1.e4 e5 2.Nf3 Nc6 3.Bb5 a6 4.Ba4 Nf6 5.O-O Be7 6.Re1 b5 7.Bb3 d6 8.c3 O-O 
9.h3 a5 10.d3 a4 11.Bc2 Bd7 12.Nbd2 Re8 13.Nf1 Bf8 14.N3h2 d5 15.exd5 Nxd5
16.Ng3 b4 17.Qf3 bxc3 18.bxc3 Nxc3 19.d4 exd4 20.Bf4 Nb4 21.Bf5 Bxf5 22.
Nxf5 d3 23.Ng4 Rxe1+ 24.Rxe1 d2 25.Bxd2 Qxd2 26.Rf1 Nbd5 27.Ne5 Qf4 0-1

[Event "60th POL-ch"]
[Site "Warsaw POL"]
[Date "2003.05.01"]
[Round "10"]
[White "Urban, Klaudiusz"]
[Black "Jaracz, Pawel"]
[Result "1/2-1/2"]
[WhiteElo "2451"]
[BlackElo "2549"]
[EventDate "2003.04.22"]
[PlyCount "48"]

1.d4 Nf6 2.c4 c6 3.Nf3 d5 4.Qb3 dxc4 5.Qxc4 Bf5 6.g3 e6 7.Bg2 Nbd7 8.O-O 
Be7 9.Nc3 O-O 10.Re1 Ne4 11.Qb3 Qb6 12.Nh4 Bxh4 13.gxh4 Nef6 14.Qxb6 axb6 
15.Bf4 b5 16.Bd6 Rfd8 17.a4 bxa4 18.Nxa4 Nf8 19.Be5 Ng4 20.Bg3 Rxd4 21.Nc5
Rxa1 22.Rxa1 b6 23.Nb7 h5 24.Bxc6 Ng6 1/2-1/2

[Event "60th POL-ch"]
[Site "Warsaw POL"]
[Date "2003.05.01"]
[Round "10"]
[White "Grabarczyk, Miroslaw"]
[Black "Socko, Bartosz"]
[Result "0-1"]
[WhiteElo "2508"]
[BlackElo "2577"]
[EventDate "2003.04.22"]
[PlyCount "98"]

1.d4 Nf6 2.c4 g6 3.g3 Bg7 4.Bg2 O-O 5.Nc3 d6 6.Nf3 Nc6 7.O-O a6 8.h3 Bd7 
9.e4 e5 10.dxe5 dxe5 11.Re1 h6 12.Nd5 Nh7 13.Be3 Ng5 14.Nxg5 hxg5 15.Qd2 
g4 16.hxg4 Bxg4 17.Bg5 f6 18.Be3 Rf7 19.f3 Be6 20.Rad1 Bf8 21.Qc2 Qe8 22.
c5 Na7 23.Bf1 c6 24.Nb6 Rd8 25.a4 Nc8 26.Nc4 Rfd7 27.Na5 Qf7 28.Rxd7 Qxd7 
29.Bc4 Bxc4 30.Qxc4+ Kg7 31.Kg2 Qc7 32.Rh1 g5 33.Qb4 Rd3 34.Nc4 Qf7 35.Bf2
Kg8 36.Re1 b5 37.Na5 Qd7 38.axb5 axb5 39.Re3 Rd4 40.Qc3 Ne7 41.b4 g4 42.
Qc2 Bh6 43.Qb3+ Kg7 44.Rc3 Rd2 45.fxg4 Qxg4 46.Rf3 Ng6 47.Kh2 Qxe4 48.Kg2 
Qg4 49.Rd3 Nf4+ 0-1

[Event "60th POL-ch"]
[Site "Warsaw POL"]
[Date "2003.05.01"]
[Round "10"]
[White "Miton, Kamil"]
[Black "Markowski, Tomasz"]
[Result "0-1"]
[WhiteElo "2545"]
[BlackElo "2587"]
[EventDate "2003.04.22"]
[PlyCount "108"]

1.Nf3 d5 2.c4 e6 3.g3 dxc4 4.Qa4+ c6 5.Qxc4 Nf6 6.Bg2 b5 7.Qc2 Bb7 8.O-O 
Nbd7 9.d4 c5 10.a4 b4 11.Bg5 Rc8 12.Nbd2 Be7 13.dxc5 Nxc5 14.Rfd1 O-O 15.
Nb3 Bd5 16.Nxc5 Bxc5 17.Qd3 h6 18.Be3 Qa5 19.Nd4 Bxg2 20.Nb3 Be4 21.Nxa5 
Bxd3 22.exd3 Bxe3 23.fxe3 Rc2 24.Nc4 Rd8 25.Rac1 Rxd3 26.Rxc2 Rxd1+ 27.Kg2
Ne4 28.Ne5 f5 29.Nc6 b3 30.Re2 a6 31.Nd4 Nc5 32.a5 Kf7 33.h3 Kf6 34.g4 f4 
35.Nf3 Nd3 36.Kh2 g5 37.exf4 gxf4 38.Nd4 Nc5 39.Nf3 Rd5 40.h4 e5 41.g5+ 
hxg5 42.hxg5+ Kf5 43.g6 Ne6 44.Rg2 Ng7 45.Nd2 Rd3 46.Kg1 e4 47.Kf1 Rh3 48.
Nc4 Rh1+ 49.Rg1 Rxg1+ 50.Kxg1 e3 51.Kg2 Ne6 52.Nxe3+ fxe3 53.Kf3 Kxg6 54.
Kxe3 Kf5 0-1